000 00651nam a22002177a 4500
003 OSt
005 20240627103602.0
008 240627b |||||||| |||| 00| 0 eng d
020 _a0262633094
040 _cMUST
082 _a330.0151 MIR 2002
100 _aMiranda, Mario J.
_918192
245 _aApplied computational economics and finance /
_cMario J. Miranda, Paul L. Fackler
260 _aLondon
_bThe MIT Press
_c2002
300 _axviii,510p.:
_bill :
_c22 cm.
504 _aIncludes bibliographical references and index
650 _aEconomics
_9975
650 _aFinance
_95401
700 _aFackler, Paul L
_918193
942 _2ddc
_cO_SHELF
999 _c8971
_d8971